Detective Conan - Statistics

General Stats
  • This quiz has been taken 309 times
  • The average score is 10 of 25
Answer Stats
Hint Answer % Correct
Detective of the East Kudo Shinichi
86%
Detective of the West Hattori Heiji
71%
Inventer of APTX 4869 Haibara Ai
69%
Cool kid Edogawa Conan
67%
Wants Sherry dead Gin
61%
Karate champion Mouri Ran
55%
Partner of ^ Vodka
53%
Night baron Kudo Yusaku
52%
Night baroness Kudo Yukiko
51%
Ran's best friend Suzuki Sonoko
48%
Sharon Vinyard Vermouth
48%
Famous lawyer Kisaki Eri
45%
Alias: Aka Tooru Amuro Bourbon
36%
Fat first grader Kojima Genta
34%
Alias: Dai Moroboshi Akai Shuichi
31%
FBI woman Jodie Starling
28%
Invented gadgets for detective boys Professor Agasa
27%
Thief in white Kaitou Kid
25%
Girlfriend of Detective of the West Toyama Kazuha
24%
Headband Yoshida Ayumi
19%
Sleeping detective Mouri Kogouro
17%
Always a big help for Conan to read case files Takagi Wataru
16%
First Inspector we see in the series Megure Juzo
14%
Love interest of ^ Sato Miwako
14%
Intelligent "true child" in detective boys Tsubuyara Mitsuhiko
4%
No matching quizzes found
Score Distribution
Percent of People with Each Score
Percentile by Number Answered
Your Score History
You have not taken this quiz